অসমাপ্ত ঠিকানা / (Record no. 12979)
[ view plain ]
| 000 -LEADER | |
|---|---|
| fixed length control field | 00763nam a2200241 a 4500 |
| 001 - CONTROL NUMBER | |
| JCCL Control Number | 12979 |
| 003 - CONTROL NUMBER IDENTIFIER | |
| JCCL marc code | BD-JhCC |
| 005 - DATE AND TIME OF LATEST TRANSACTION | |
| control field | 20230609093420.0 |
| 008 - FIXED-LENGTH DATA ELEMENTS--GENERAL INFORMATION | |
| fixed length control field | 230609b2018 b ||||| ||a| 00| 0 b d |
| 020 ## - INTERNATIONAL STANDARD BOOK NUMBER | |
| International Standard Book Number | 9789849244066 |
| 035 ## - SYSTEM CONTROL NUMBER | |
| system control number | (BD-JhCC)12979 |
| 040 ## - CATALOGING SOURCE | |
| Original cataloging agency | BD-JhCC |
| Modifying agency | BD-JhCC |
| 041 ## - LANGUAGE CODE | |
| Language code of Book | bengali |
| 082 ## - DEWEY DECIMAL CLASSIFICATION NUMBER | |
| Classification number | 891.443 |
| Author mark and Year | SHI 2018 |
| 100 ## - MAIN ENTRY--PERSONAL NAME | |
| Personal name | শিহাব, মো. ফরহাদ চৌধুরী |
| 245 ## - TITLE STATEMENT | |
| Title | অসমাপ্ত ঠিকানা / |
| Statement of responsibility, etc | মো. ফরহাদ চৌধুরী শিহাব |
| 260 ## - PUBLICATION, DISTRIBUTION, ETC. (IMPRINT) | |
| Place of publication, distribution, etc | ঢাকা: |
| Name of publisher, distributor, etc | আদি প্রকাশন; |
| Date of publication, distribution, etc | 2018 |
| 300 ## - PHYSICAL DESCRIPTION | |
| Pagination | 155p. : |
| 600 ## - SUBJECT ADDED ENTRY--PERSONAL NAME | |
| Personal name | অসমাপ্ত ঠিকানা |
| 650 ## - SUBJECT ADDED ENTRY--TOPICAL TERM | |
| Topical term or geographic name as entry element | Bangla Novel |
| Geographic subdivision | Bangladesh |
| 942 ## - ADDED ENTRY ELEMENTS (KOHA) | |
| Source of classification or shelving scheme | Dewey Decimal Classification |
| Koha item type | Books |
| Source of classification or shelving scheme | Damaged status | Not for loan | Home library | Current library | Shelving location | Date of accession | Source of acquisition | Cost, normal purchase price | Total Checkouts | Full call number | Barcode | Date last seen | Date checked out | Copy number | Method of acquisition | Koha item type | Currency |
|---|---|---|---|---|---|---|---|---|---|---|---|---|---|---|---|---|---|
| Dewey Decimal Classification | JCC Rouf Library | JCC Rouf Library | General Stacks | 06/09/2023 | জাতীয় গ্রন্থকেন্দ্র | 270.00 | 3 | 891.443 SHI 2018 | 17837 | 03/05/2024 | 02/22/2024 | C-1 | Gift/Donation | Books | BDT |